| 000 | 004630000a22001930004500 | ||
|---|---|---|---|
| 001 | 003393 | ||
| 003 | MACL | ||
| 005 | 20150804164529.0 | ||
| 008 | 150804b xxu||||| |||| 00| 0 eng d | ||
| 040 |
_aMACL _cMACL |
||
| 041 | _aEnglish | ||
| 082 | _a370/HUS | ||
| 100 |
_aHusain, Eisar _94748 |
||
| 245 |
_aEducation For All _cEisar Husain |
||
| 260 |
_aDelhi _c2004 _bAcademic Excellence, |
||
| 350 | _a325 | ||
| 650 |
_aEducation _94750 |
||
| 942 |
_k370 _cBK _2ddc |
||
| 999 |
_c15294 _d15294 |
||